000 00590nam a2200205 i 4500
001 50400
003 ES-MaACL
005 20230906162155.0
007 t|
008 030804s1965 ag ||||1| spa d
100 1 _aCrusat, Paulina.
_941773
245 1 0 _aRelaciones solitarias /
_cPaulina Crusat.
250 _a[1ª ed.].
260 _aBuenos Aires :
_bPlaza & Janés,
_c1965.
300 _a264 p. ;
_c25 cm.
490 1 _aSelecciones de la lengua española
830 0 _aSelecciones de la lengua española
_9184574
852 _aES-MaACL
_jC-27843
_bR.57085
999 _c50400
_d50400